书目信息 |
| 题名: |
图解电子学辞典
|
|
| 作者: | 吉布里斯科 , Gibilisco, 主编 ;张宝玲 , 樊桂花 , 吴兰臻 译 | |
| 分册: | ||
| 出版信息: | 北京 科学出版社 2004.9 |
|
| 页数: | 1132页 | |
| 开本: | 21cm | |
| 丛书名: | ||
| 单 册: | ||
| 中图分类: | TN01-61 | |
| 科图分类: | ||
| 主题词: | 电子学--dian zi xue--图解--词典 , 电子学--dian zi xue | |
| 电子资源: | ||
| ISBN: | 7-03-013222-X | |
| 000 | 01723nam0 2200445 450 | |
| 000 | 01742nam0 2200445 450 | |
| 000 | 01705nam0 2200433 450 | |
| 000 | 01668nam0 2200421 450 | |
| 000 | 01631nam0 2200409 450 | |
| 000 | 01588nam0 2200397 450 | |
| 000 | 01577nam0 2200397 450 | |
| 000 | 01540nam0 2200385 45 | |
| 001 | 012005000000 | |
| 005 | 20051207084610.89 | |
| 010 | @a7-03-013222-X@dCNY98.00(含光盘) | |
| 010 | @a7-900146-64-4@b光盘 | |
| 100 | @a20050302d2004 em y0chiy0121 ea | |
| 101 | 1 | @achi@ceng |
| 102 | @aCN@b110000 | |
| 105 | @af e 000yy | |
| 200 | 1 | @a图解电子学辞典@Atu jie dian zi xue ci dian@f(美)斯坦·吉布里斯科[Stan Gibilisco]主编@g张宝玲,樊桂花,吴兰臻等译 |
| 210 | @a北京@c科学出版社@d2004.9 | |
| 215 | @a1132页@c图@d21cm@e光盘1片 | |
| 304 | @a书名原文:The illustrated dictionary of electronics | |
| 305 | @a据原书第8版译出 | |
| 306 | @a与美国麦格劳-希尔教育(亚洲)出版公司合作出版 | |
| 314 | @a斯坦·吉布里斯科[Stan Gibilisco],著有《电子学百科全书》等。 | |
| 320 | @a有书目 | |
| 330 | @a本书为电子学专业辞典,涉及内容广泛,涵盖电子学领域各分支学科的基础术语以及应用技术中大量的专业词汇,书中附带大量插图,可使读者更直观、更明确地理解名词术语定义的含义。 | |
| 510 | 1 | @aThe illustrated dictionary of electronics@zeng |
| 606 | 0 | @a电子学@Adian zi xue@x图解@j词典 |
| 606 | 0 | @a电子学@Adian zi xue |
| 690 | @aTN01-61@v4 | |
| 701 | 1 | @c(美)@a吉布里斯科@Aji bu li si ke@bS.@g(Gibilisco, Stan)@4主编 |
| 701 | 1 | @c(美)@aGibilisco,@bS.@g(Gibilisco, Stan)@4主编 |
| 702 | 0 | @a张宝玲@Azhang bao ling@4译 |
| 702 | 0 | @a樊桂花@Afan gui hua@4译 |
| 702 | 0 | @a吴兰臻@Awu lan zhen@4译 |
| 801 | 0 | @aCN@bSRXX@c20051207 |
| 905 | @a10447@dTN01-61@eJ062 | |
| 图解电子学辞典/(美)斯坦·吉布里斯科[Stan Gibilisco]主编/张宝玲,樊桂花,吴兰臻等译.-北京:科学出版社,2004.9 |
| 1132页:图;21cm+光盘1片 |
| ISBN 7-03-013222-X:CNY98.00(含光盘) |
| 本书为电子学专业辞典,涉及内容广泛,涵盖电子学领域各分支学科的基础术语以及应用技术中大量的专业词汇,书中附带大量插图,可使读者更直观、更明确地理解名词术语定义的含义。 |
| ● |
| 相关链接 |
|
|
|
正题名:图解电子学辞典
索取号:TN01-61/J062
 
预约/预借
| 序号 | 登录号 | 条形码 | 馆藏地/架位号 | 状态 | 备注 |
| 1 | 546067 | 205460678 | 期刊室512/301自科库 17排3列5层/ [索取号:TN01-61/J062] | 在馆 | |
| 2 | 546068 | 205460687 | 自科库301/301自科库 24排2列4层/ [索取号:TN01-61/J062] | 在馆 | |
| 3 | 546069 | 205460696 | 自科库301/301自科库 24排2列4层/ [索取号:TN01-61/J062] | 在馆 |